[Event "Quebec-ch Rapid Online"]
[Site "Chess.com"]
[Date "2021.03.13"]
[Round "5"]
[White "Latreille, Etienne"]
[Black "Turgeon-Dalpe, Alexandre"]
[Result "1-0"]
[WhiteElo "1891"]
[BlackElo "1445"]
[PlyCount "43"]
[EventDate "2021.03.13"]
[EventType "swiss (rapid)"]
[EventRounds "10"]
[EventCountry "CAN"]

1. d4 Nf6 2. Nc3 g6 3. e4 d6 4. Be3 Bg7 5. Qd2 e5 6. dxe5 dxe5 7. Qxd8+ Kxd8 8.
Bc4 Ke7 9. Bc5+ Kd8 10. Bxf7 Na6 11. Ba3 b6 12. O-O-O+ Bd7 13. Nf3 Nc5 14. Bxc5
bxc5 15. Nxe5 Rf8 16. Be6 Bh6+ 17. Kb1 Re8 18. Nxd7 Rxe6 19. Nb6+ Ke7 20. Nxa8
Nxe4 21. Nxe4 Rxe4 22. Rhe1 1-0

[Event "Quebec-ch Rapid Online"]
[Site "Chess.com"]
[Date "2021.03.13"]
[Round "5"]
[White "Lu, Aiden"]
[Black "Guipi Bopala, Prince Eric jr"]
[Result "1-0"]
[WhiteElo "1107"]
[BlackElo "1863"]
[PlyCount "107"]
[EventDate "2021.03.13"]
[EventType "swiss (rapid)"]
[EventRounds "10"]
[EventCountry "CAN"]

1. e4 e5 2. Nf3 Nc6 3. Bc4 Bc5 4. Nc3 Nf6 5. d3 h6 6. h3 d6 7. Na4 Bb6 8. Nxb6
axb6 9. Be3 Be6 10. Bxe6 fxe6 11. c3 O-O 12. O-O Qe8 13. Qc2 Qg6 14. Qe2 Nh5
15. Nh4 Qf7 16. Qg4 Kh7 17. d4 g5 18. Nf3 Nf6 19. Qg3 Nxe4 20. Qh2 exd4 21.
cxd4 Qg6 22. h4 g4 23. Ne1 g3 24. fxg3 Rxf1+ 25. Kxf1 Nxg3+ 26. Kg1 Rf8 27. Nf3
Ne7 28. Re1 Nd5 29. Bf2 Ne4 30. h5 Qf5 31. Qh4 Nxf2 32. Qxf2 Rg8 33. Nh4 Qg4
34. Ng6 Qxh5 35. Qf7+ Rg7 36. Nf8+ Kh8 37. Qxh5 Nf4 38. Qxh6+ Kg8 39. Qxg7+
Kxg7 40. Nxe6+ Nxe6 41. Rxe6 Kf7 42. Rh6 Ke7 43. g4 c5 44. dxc5 bxc5 45. g5 d5
46. g6 Kf6 47. Rh5 Kxg6 48. Rxd5 b6 49. Rd6+ Kf5 50. Rxb6 Ke4 51. Rc6 Kd3 52.
Rxc5 Kd4 53. Rc3 Kd5 54. a4 1-0

[Event "Quebec-ch Rapid Online"]
[Site "Chess.com"]
[Date "2021.03.13"]
[Round "5"]
[White "Lynch, Jonathan"]
[Black "Fang, Zhou"]
[Result "0-1"]
[WhiteElo "1337"]
[BlackElo "1652"]
[PlyCount "60"]
[EventDate "2021.03.13"]
[EventType "swiss (rapid)"]
[EventRounds "10"]
[EventCountry "CAN"]

1. d4 Nf6 2. Bf4 d6 3. e3 Nbd7 4. Nf3 g6 5. Nc3 Bg7 6. Qd2 Nh5 7. O-O-O Nxf4 8.
exf4 O-O 9. Bc4 c6 10. h4 a5 11. a4 d5 12. Bd3 c5 13. Nxd5 cxd4 14. h5 Nc5 15.
Bc4 e6 16. Ne3 Ne4 17. Qe2 Qb6 18. Bb5 dxe3 19. fxe3 Ng3 20. Qd3 Nxh1 21. Rxh1
Rd8 22. Qe4 f5 23. Qc4 Bd7 24. hxg6 hxg6 25. Ng5 Bxb5 26. axb5 Rac8 27. Qb3 Rd6
28. e4 fxe4 29. Qh3 Rxc2+ 30. Kxc2 Qf2+ 0-1

[Event "Quebec-ch Rapid Online"]
[Site "Chess.com"]
[Date "2021.03.13"]
[Round "5"]
[White "Tanaka, Tyler"]
[Black "Mendes, Aaron Reeve"]
[Result "1-0"]
[WhiteElo "2098"]
[BlackElo "1522"]
[PlyCount "109"]
[EventDate "2021.03.13"]
[EventType "swiss (rapid)"]
[EventRounds "10"]
[EventCountry "CAN"]

1. e4 e5 2. Nf3 Nf6 3. Nxe5 d6 4. Nd3 Nxe4 5. Qe2 Qe7 6. Nf4 c6 7. d3 Nf6 8.
Nc3 d5 9. Bd2 Bg4 10. f3 Bd7 11. O-O-O Na6 12. Qxe7+ Bxe7 13. Re1 O-O-O 14.
Rxe7 Rhf8 15. d4 Nc7 16. Re1 g5 17. Nd3 h6 18. Ne5 Ne6 19. Nxd7 Kxd7 20. Be3 c5
21. Rd1 c4 22. h4 Rh8 23. g3 a6 24. hxg5 hxg5 25. Bg2 b5 26. Rxh8 Rxh8 27. Rh1
Rxh1+ 28. Bxh1 b4 29. Ne2 Kc6 30. Bg2 a5 31. Bh3 Nh7 32. Bf5 Nhf8 33. Kd2 a4
34. c3 b3 35. a3 Kb5 36. f4 gxf4 37. Nxf4 Nxf4 38. Bxf4 Ng6 39. Bxg6 fxg6 40.
Be5 g5 41. Ke3 Kc6 42. Kf3 Kd7 43. Kg4 Ke6 44. Kxg5 Kd7 45. Kf5 Kc6 46. Ke6 Kb5
47. g4 Kc6 48. g5 Kb5 49. g6 Kc6 50. g7 Kb5 51. g8=Q Ka5 52. Qb8 Ka6 53. Bh2
Ka5 54. Bc7+ Ka6 55. Qb6# 1-0

[Event "Quebec-ch Rapid Online"]
[Site "Chess.com"]
[Date "2021.03.13"]
[Round "5"]
[White "Tsanaclis, Albert"]
[Black "Veilleux, Antoine"]
[Result "1-0"]
[WhiteElo "1771"]
[BlackElo "1081"]
[PlyCount "90"]
[EventDate "2021.03.13"]
[EventType "swiss (rapid)"]
[EventRounds "10"]
[EventCountry "CAN"]

1. e4 e5 2. Nf3 Nc6 3. d4 exd4 4. Nxd4 Nf6 5. Nxc6 bxc6 6. e5 Ng8 7. Bc4 d6 8.
exd6 cxd6 9. O-O Nf6 10. Re1+ Be7 11. Qe2 d5 12. Bd3 Be6 13. Bd2 O-O 14. Nc3
Qb6 15. h3 Bc5 16. Na4 Qc7 17. Nxc5 Rfe8 18. Nxe6 Rxe6 19. Qf3 Rae8 20. Rxe6
Rxe6 21. Re1 Rxe1+ 22. Bxe1 Qe5 23. Bc3 Qg5 24. Bxf6 gxf6 25. Qg3 Qxg3 26. fxg3
c5 27. Kf2 Kg7 28. Ke3 Kh6 29. g4 Kg5 30. Bxh7 a5 31. g3 a4 32. a3 f5 33. Bxf5
f6 34. h4+ Kh6 35. Kf4 d4 36. Ke4 Kg7 37. Kd5 Kh6 38. Kxc5 Kg7 39. Kxd4 Kh6 40.
Kc4 Kg7 41. Kb4 Kf7 42. Kxa4 Ke7 43. Kb5 Kf7 44. a4 Ke7 45. a5 Kf7 1-0

[Event "Quebec-ch Rapid Online"]
[Site "Chess.com"]
[Date "2021.03.13"]
[Round "5"]
[White "Turcotte, Jonathan"]
[Black "Varro, Daniel"]
[Result "1-0"]
[WhiteElo "1974"]
[BlackElo "1453"]
[PlyCount "105"]
[EventDate "2021.03.13"]
[EventType "swiss (rapid)"]
[EventRounds "10"]
[EventCountry "CAN"]

1. d4 d5 2. c4 c6 3. Nf3 Nf6 4. Nc3 e6 5. Bg5 Nbd7 6. cxd5 exd5 7. Qc2 Be7 8.
e3 h6 9. Bh4 O-O 10. Bd3 Re8 11. O-O Ne4 12. Bxe7 Qxe7 13. b4 Ndf6 14. b5 cxb5
15. Nxb5 Bd7 16. Rac1 Rec8 17. Qb2 Bxb5 18. Bxb5 a6 19. Bd3 Nd6 20. Qb6 Nc4 21.
Bxc4 dxc4 22. Ne5 Nd5 23. Qa5 b5 24. Nxc4 bxc4 25. Qxd5 c3 26. Rxc3 Rd8 27. Qc5
Qe4 28. Rfc1 Rd5 29. Qc6 Rad8 30. Qxa6 R8d6 31. Qc8+ Kh7 32. f3 Qe7 33. Qc4 Rg5
34. Qd3+ g6 35. Rc7 Qf6 36. e4 Rb6 37. R7c2 h5 38. d5 Qf4 39. Re1 h4 40. Qe3
Qf6 41. e5 Qd8 42. h3 Ra6 43. d6 Ra5 44. f4 Rg3 45. Qd2 Qb6+ 46. Qf2 Qa6 47.
Rd1 Raa3 48. d7 Rxg2+ 49. Kxg2 Rg3+ 50. Kh2 Qa3 51. Qf1 Rf3 52. d8=Q Rxf1 53.
Qxh4+ 1-0

[Event "Quebec-ch Rapid Online"]
[Site "Chess.com"]
[Date "2021.03.13"]
[Round "5"]
[White "Yan, Alex Jikai"]
[Black "Wu, Jonathan"]
[Result "0-1"]
[WhiteElo "1520"]
[BlackElo "1912"]
[PlyCount "196"]
[EventDate "2021.03.13"]
[EventType "swiss (rapid)"]
[EventRounds "10"]
[EventCountry "CAN"]

1. e4 c6 2. d4 d5 3. e5 Bf5 4. h4 h5 5. Nf3 Qb6 6. Nc3 e6 7. Bd3 Bxd3 8. Qxd3
Qa6 9. Qxa6 Nxa6 10. a3 Nh6 11. b4 Nc7 12. Na2 Nf5 13. Be3 Nb5 14. a4 Na3 15.
O-O-O Nc4 16. Rhe1 a5 17. b5 Nb6 18. bxc6 bxc6 19. Nc3 Nc4 20. Nd2 Ba3+ 21. Kb1
Rb8+ 22. Nb3 Bb4 23. Rd3 Nxh4 24. Rg1 Nf5 25. Ne2 Nb6 26. c3 Be7 27. Kc2 Nxe3+
28. Rxe3 Nc4 29. Rg3 g6 30. Nec1 Bh4 31. Rf3 Ke7 32. Nd3 Rxb3 33. Kxb3 Nd2+ 34.
Kc2 Nxf3 35. gxf3 Rb8 36. Rh1 Bg5 37. f4 Bh6 38. Rg1 Kd8 39. Rg3 Bf8 40. Rg1
Be7 41. Nc1 h4 42. Nb3 Kc7 43. Nc5 Rh8 44. Rh1 h3 45. Kd3 Rh4 46. Ke3 Bf8 47.
Kf3 Rh5 48. Kg3 Bh6 49. Nd3 g5 50. Rxh3 gxf4+ 51. Kg4 Rxh3 52. Kxh3 f3 53. Nb2
c5 54. Kg3 c4 55. Kxf3 Bd2 56. Nd1 Bc1 57. Ke2 Kd7 58. Kf3 Ke7 59. Kg4 f6 60.
f4 Kf7 61. Kf3 Bd2 62. Kg3 Kg6 63. Kg4 f5+ 64. Kf3 Kh5 65. Kg3 Be1+ 66. Kh3 Kg6
67. Kg2 Kh6 68. Kh2 Kh5 69. Kh3 Bh4 70. Ne3 Be7 71. Ng2 Ba3 72. Ne3 Bc1 73. Nc2
Bxf4 74. Na3 Bd2 75. Nb5 f4 76. Nc7 Bxc3 77. Nxe6 Bd2 78. Nc7 Kg6 79. Nxd5 Kf7
80. Kg4 c3 81. Nxc3 Bxc3 82. Kxf4 Bxd4 83. Kf5 Ke7 84. Ke4 Bc3 85. Kd5 Bb4 86.
Ke4 Ke6 87. Kd4 Ba3 88. Kc4 Kxe5 89. Kb5 Bb4 90. Kc4 Ke4 91. Kb3 Kd3 92. Kb2
Kc4 93. Kc2 Bc3 94. Kb1 Kb3 95. Kc1 Kxa4 96. Kb1 Kb3 97. Kc1 a4 98. Kb1 a3 0-1

[Event "Quebec-ch Rapid Online"]
[Site "Chess.com"]
[Date "2021.03.14"]
[Round "6"]
[White "Duval, Mathieu"]
[Black "Hemphrey, David"]
[Result "0-1"]
[WhiteElo "1612"]
[BlackElo "1478"]
[PlyCount "148"]
[EventDate "2021.03.13"]
[EventType "swiss (rapid)"]
[EventRounds "10"]
[EventCountry "CAN"]

1. d4 Nf6 2. c4 e6 3. Nc3 Bb4 4. a3 Bxc3+ 5. bxc3 Ne4 6. Qc2 f5 7. Nf3 O-O 8.
g3 c6 9. Bg2 d5 10. c5 Nd7 11. O-O Ndf6 12. Ne5 Qa5 13. Bb2 Nd7 14. Nd3 Qc7 15.
Bc1 Qa5 16. Bb2 h6 17. Nf4 Re8 18. Nd3 Qd8 19. f4 Ndf6 20. Ne5 Bd7 21. c4 Qe7
22. cxd5 exd5 23. Rab1 Kh7 24. Bc1 Rab8 25. Bb2 Rg8 26. Bc1 Be6 27. Rb4 Rbf8
28. Qb2 Bc8 29. a4 g6 30. Bh3 Ne8 31. a5 a6 32. Bg2 Rg7 33. Bxe4 fxe4 34. e3
Qf6 35. Qf2 Nc7 36. Bd2 Nb5 37. Rfb1 Qd8 38. R4b3 h5 39. h4 Qe7 40. Qg2 Qe6 41.
Kf2 g5 42. hxg5 Rxg5 43. Ke1 Rg7 44. Ke2 Rfg8 45. Qh2 Qh6 46. Rg1 h4 47. g4
Bxg4+ 48. Nxg4 Rxg4 49. Rxg4 Rxg4 50. Be1 Qh5 51. Kd2 h3 52. Bg3 Kg6 53. Rb1
Kf5 54. Rg1 Rg6 55. Rb1 Rg7 56. Rg1 Na3 57. Rc1 Nc4+ 58. Rxc4 dxc4 59. Kc3 Qf3
60. Qxh3+ Qg4 61. Qh8 Qxg3 62. Qf8+ Kg6 63. Qd6+ Kh5 64. Qe5+ Kh4 65. Qf6+ Kh3
66. Qh6+ Kg2 67. Qe6 Qxe3+ 68. Kxc4 Qd3+ 69. Kb4 Qxd4+ 70. Kb3 Rg3+ 71. Kc2
Rc3+ 72. Kb1 Qd1+ 73. Kb2 Qc1+ 74. Ka2 Ra3# 0-1

[Event "Quebec-ch Rapid Online"]
[Site "Chess.com"]
[Date "2021.03.14"]
[Round "6"]
[White "Hughes-Dupuy, Henry"]
[Black "Turcotte, Jonathan"]
[Result "0-1"]
[WhiteElo "1669"]
[BlackElo "1974"]
[PlyCount "132"]
[EventDate "2021.03.13"]
[EventType "swiss (rapid)"]
[EventRounds "10"]
[EventCountry "CAN"]

1. e4 c6 2. d4 d5 3. Nc3 dxe4 4. Nxe4 Bf5 5. Ng3 Bg6 6. Nf3 Nd7 7. Bd3 Bxd3 8.
Qxd3 e6 9. O-O Ngf6 10. Bf4 Be7 11. Rfe1 O-O 12. Rad1 Re8 13. c3 Qa5 14. a3
Rad8 15. b4 Qa4 16. Qc4 Nd5 17. Bg5 h6 18. Bxe7 Rxe7 19. Rb1 a6 20. Ne4 N7b6
21. Qd3 Qxa3 22. Ne5 f5 23. Nc5 Qxc3 24. Qxc3 Nxc3 25. Rb3 Nb5 26. Ng6 Ree8 27.
Nxb7 Rxd4 28. Ne5 Re7 29. Nc5 Rd6 30. Nxa6 Nd7 31. Nxd7 Rdxd7 32. Nc5 Rd6 33.
Rbe3 Kf7 34. Nd3 Kf6 35. Ne5 Nd4 36. Rc1 Rd5 37. f4 Rc7 38. Kf2 Rb5 39. Rc4 Rd5
40. Rec3 Nb5 41. Rc2 Rd4 42. Rc5 Rxf4+ 43. Kg3 Rxb4 44. Nxc6 Rb3+ 45. Kf2 Nd6
46. Ke2 Ne4 47. R5c4 Rb6 48. Nd4 Rxc4 49. Rxc4 Rd6 50. Nb3 Rb6 51. Nd4 Rb2+ 52.
Nc2 Nd6 53. Rc5 Ne4 54. Rc4 g5 55. Kd3 Rb3+ 56. Ke2 h5 57. Rc6 Rb2 58. Kd3 Rb3+
59. Kc4 Rc3+ 60. Kb5 Rxc6 61. Kxc6 Ke5 62. Kd7 f4 63. Ne1 g4 64. Nd3+ Kf5 65.
Kc6 f3 66. gxf3 gxf3 0-1

[Event "Quebec-ch Rapid Online"]
[Site "Chess.com"]
[Date "2021.03.14"]
[Round "6"]
[White "Lu, Aiden"]
[Black "Gougeon, Patrick"]
[Result "0-1"]
[WhiteElo "1107"]
[BlackElo "1258"]
[PlyCount "96"]
[EventDate "2021.03.13"]
[EventType "swiss (rapid)"]
[EventRounds "10"]
[EventCountry "CAN"]

1. e4 d5 2. exd5 Qxd5 3. Nc3 Qd6 4. Nf3 Bg4 5. Be2 Nc6 6. d3 O-O-O 7. Ng5 Bxe2
8. Qxe2 Nh6 9. Nce4 Qg6 10. Nd2 Qxg5 11. Qf3 Nd4 12. Qh3+ Qg4 13. Qxg4+ Nxg4
14. Rb1 Nxc2+ 15. Kf1 Rxd3 16. h3 Nf6 17. Ke2 Rd5 18. Rd1 e6 19. b3 Bb4 20. Nc4
Rxd1 21. Kxd1 Nd4 22. Be3 Rd8 23. Bxd4 Rxd4+ 24. Ke2 b5 25. Nb2 a6 26. Nd3 Bd6
27. Rc1 Kb7 28. f3 Nd5 29. Nc5+ Bxc5 30. Rxc5 Kb6 31. Rc2 b4 32. a4 Nc3+ 33.
Ke3 Rd1 34. g4 f6 35. f4 Rh1 36. h4 Rxh4 37. f5 exf5 38. gxf5 Re4+ 39. Kd3 Rf4
40. Kd2 Rf2+ 41. Kc1 Rxc2+ 42. Kxc2 h5 43. Kb2 h4 44. a5+ Kb5 45. Kc2 h3 46.
Kb2 h2 47. Kc2 h1=Q 48. Kb2 Qb1# 0-1

[Event "Quebec-ch Rapid Online"]
[Site "Chess.com"]
[Date "2021.03.14"]
[Round "6"]
[White "Mendes, Aaron Reeve"]
[Black "Tsanaclis, Albert"]
[Result "1-0"]
[WhiteElo "1522"]
[BlackElo "1771"]
[PlyCount "137"]
[EventDate "2021.03.13"]
[EventType "swiss (rapid)"]
[EventRounds "10"]
[EventCountry "CAN"]

1. e4 c5 2. Nc3 Nc6 3. f4 d6 4. Nf3 Bg4 5. Bc4 e6 6. a4 a6 7. O-O Nd4 8. Be2
Nxe2+ 9. Qxe2 Ne7 10. h3 Bxf3 11. Qxf3 Nc6 12. d3 Nd4 13. Qf2 Be7 14. Be3 Nc6
15. Kh1 O-O 16. g4 Bh4 17. Qg2 Be7 18. f5 Kh8 19. g5 exf5 20. exf5 Rg8 21. Nd5
Nb4 22. Nxb4 cxb4 23. Qg4 Rc8 24. Rf2 Qa5 25. Rg1 Qe5 26. Bc1 Qd5+ 27. Qe4
Qxe4+ 28. dxe4 Bd8 29. Rd1 Bb6 30. Re2 Rc6 31. Bf4 Bc5 32. Kg2 Rgc8 33. Kf3 Kg8
34. Rd5 Kf8 35. Red2 Ke7 36. b3 Kd7 37. h4 Ke7 38. Kg4 f6 39. Bg3 Rd8 40. Bf4
Kf7 41. e5 fxe5 42. Bxe5 Re8 43. Bxd6 Bxd6 44. Rxd6 Rxd6 45. Rxd6 Re4+ 46. Kf3
Re7 47. Rd4 a5 48. Rd5 Rc7 49. Rxa5 Rxc2 50. Rb5 Rc3+ 51. Kg4 Rxb3 52. Rxb7+
Kf8 53. a5 Ra3 54. Rxb4 Rxa5 55. h5 Re5 56. Rb8+ Kf7 57. g6+ hxg6 58. hxg6+ Kf6
59. Rf8+ Ke7 60. Rf7+ Ke8 61. Rxg7 Kf8 62. Ra7 Re4+ 63. Kg5 Re1 64. Kf6 Re8 65.
g7+ Kg8 66. Kg6 Re6+ 67. f6 Ra6 68. Ra8+ Rxa8 69. f7# 1-0

[Event "Quebec-ch Rapid Online"]
[Site "Chess.com"]
[Date "2021.03.14"]
[Round "6"]
[White "Ouazri, Ghassane Said"]
[Black "Yan, Alex Jikai"]
[Result "1/2-1/2"]
[WhiteElo "1720"]
[BlackElo "1520"]
[PlyCount "152"]
[EventDate "2021.03.13"]
[EventType "swiss (rapid)"]
[EventRounds "10"]
[EventCountry "CAN"]

1. e4 c5 2. d4 cxd4 3. c3 Nf6 4. e5 Nd5 5. Nf3 Nc6 6. Bc4 e6 7. Bxd5 exd5 8.
cxd4 d6 9. O-O dxe5 10. Nxe5 Bd6 11. Re1 O-O 12. Nc3 Be6 13. h3 Qc7 14. Nf3 a6
15. Ng5 Rae8 16. Nxe6 fxe6 17. Qg4 Qf7 18. Be3 Ne7 19. Rad1 Nf5 20. Qe2 Qg6 21.
Kh1 Nh4 22. Qg4 Qxg4 23. hxg4 Ng6 24. Re2 Bb4 25. Nb1 Nf4 26. Bxf4 Rxf4 27. f3
Ba5 28. Na3 Bb6 29. Nc2 Kf7 30. Kh2 g5 31. Kg3 h6 32. Kf2 Ke7 33. Rde1 Kd6 34.
Rd2 Re7 35. g3 Rf6 36. Kg2 Ref7 37. Rd3 Rc7 38. Re2 Rf8 39. Rde3 Re7 40. a3 Ba7
41. b4 b5 42. Rd3 Rc8 43. Na1 Rc4 44. Nb3 Rec7 45. Nc5 Bxc5 46. dxc5+ Kd7 47.
Kf2 a5 48. Rde3 Rc6 49. Rb3 axb4 50. axb4 Ra6 51. Ke3 Ra4 52. Reb2 e5 53. Rd2
Ke6 54. Rh2 Raxb4 55. Rxh6+ Kf7 56. Rxb4 Rxb4 57. Rb6 Rb3+ 58. Ke2 b4 59. c6
Rc3 60. Rxb4 Rxc6 61. Rb5 Rd6 62. Kd3 Ke6 63. Ke3 Ra6 64. Rb3 Rc6 65. f4 gxf4+
66. gxf4 exf4+ 67. Kxf4 Kf6 68. Rd3 Rd6 69. g5+ Kg6 70. Rh3 Rd7 71. Rh6+ Kg7
72. Kf5 d4 73. Rg6+ Kh7 74. Rh6+ Kg7 75. Rg6+ Kh7 76. Rh6+ Kg7 1/2-1/2

[Event "Quebec-ch Rapid Online"]
[Site "Chess.com"]
[Date "2021.03.14"]
[Round "6"]
[White "Tanaka, Tyler"]
[Black "Zheng, Richard"]
[Result "1-0"]
[WhiteElo "2098"]
[BlackElo "2069"]
[PlyCount "117"]
[EventDate "2021.03.13"]
[EventType "swiss (rapid)"]
[EventRounds "10"]
[EventCountry "CAN"]

1. c4 c6 2. Nf3 d5 3. b3 Nf6 4. Bb2 Bg4 5. e3 e6 6. Be2 Bd6 7. O-O Nbd7 8. d4
O-O 9. Nbd2 Qe7 10. h3 Bxf3 11. Nxf3 Ne4 12. Bd3 f5 13. Ne5 Nxe5 14. dxe5 Bc7
15. a4 Rfd8 16. Qc2 g6 17. a5 Qg7 18. f4 a6 19. b4 Rdc8 20. Rac1 Qe7 21. Bxe4
dxe4 22. Qb3 Rd8 23. Bd4 Kf7 24. Bc5 Qe8 25. Rfd1 Rxd1+ 26. Rxd1 Rd8 27. Bd6
Qd7 28. Rd4 Ke8 29. Qd1 Qc8 30. c5 Kf7 31. Qe1 Rh8 32. Bxc7 Qxc7 33. Qd1 Ke7
34. Qe1 Kf7 35. Rd6 Qe7 36. Qd1 Ke8 37. Kh2 h5 38. g3 Rh7 39. Qe2 Rh8 40. Kg2
Rh7 41. Kf1 Rh8 42. Ke1 Rh7 43. Kd2 Rh8 44. Qc4 Kf7 45. Qe2 Rh7 46. Kc3 Ke8 47.
Qg2 Kf7 48. g4 Rg7 49. Qe2 Rh7 50. Qd1 Ke8 51. Rd2 hxg4 52. hxg4 Rh3 53. gxf5
gxf5 54. Qg1 Qf7 55. Rd6 Rh6 56. Qg5 Qh7 57. Rd8+ Kf7 58. Rd7+ Ke8 59. Qd8# 1-0

[Event "Quebec-ch Rapid Online"]
[Site "Chess.com"]
[Date "2021.03.14"]
[Round "6"]
[White "Varro, Daniel"]
[Black "Batorshyn, Ilia"]
[Result "0-1"]
[WhiteElo "1453"]
[BlackElo "1343"]
[PlyCount "52"]
[EventDate "2021.03.13"]
[EventType "swiss (rapid)"]
[EventRounds "10"]
[EventCountry "CAN"]

1. c4 c6 2. Nc3 d5 3. d4 Nf6 4. e3 Bf5 5. cxd5 cxd5 6. Qb3 Qd7 7. Nf3 Nc6 8.
Ne5 Qc7 9. Nxd5 Nxd5 10. Qxd5 e6 11. Qb5 a6 12. Qa4 Bd6 13. Nxc6 bxc6 14. Bd2
O-O 15. Rc1 Rfc8 16. h3 Be4 17. Ba5 Qe7 18. Kd2 e5 19. f3 Bg6 20. Rxc6 exd4 21.
Rxc8+ Rxc8 22. e4 Bf4+ 23. Kd3 f5 24. Qxd4 fxe4+ 25. fxe4 Re8 26. Be2 Bxe4+ 0-1

[Event "Quebec-ch Rapid Online"]
[Site "Chess.com"]
[Date "2021.03.14"]
[Round "6"]
[White "Wu, Jonathan"]
[Black "Lynch, Jonathan"]
[Result "1-0"]
[WhiteElo "1912"]
[BlackElo "1337"]
[PlyCount "109"]
[EventDate "2021.03.13"]
[EventType "swiss (rapid)"]
[EventRounds "10"]
[EventCountry "CAN"]

1. e4 d6 2. d4 Nf6 3. Nc3 Nbd7 4. Be3 e5 5. h3 Be7 6. Nf3 c6 7. Bc4 b5 8. Bd3
Qc7 9. O-O h6 10. Ne2 g5 11. Ng3 Nf8 12. c4 b4 13. c5 Ng6 14. Rc1 g4 15. hxg4
Bxg4 16. Be2 dxc5 17. dxe5 Bxf3 18. exf6 Bxe2 19. Qxe2 Bxf6 20. Bxc5 Nf4 21.
Qd2 Rd8 22. Qxb4 h5 23. Rcd1 Rb8 24. Qc4 Be5 25. Nf5 Rg8 26. g3 Rg6 27. Nd6+
Bxd6 28. Bxd6 Nh3+ 29. Kh2 Rxd6 30. Kxh3 Qd7+ 31. Kg2 Rxd1 32. Rxd1 Qxd1 33.
Qxc6+ Qd7 34. Qh6 Rb5 35. e5 Qd5+ 36. Kh2 Qxe5 37. Qc6+ Kf8 38. Qh6+ Qg7 39.
Qd6+ Kg8 40. Qd8+ Kh7 41. Qd3+ Kh6 42. Qxb5 Qf6 43. Qe2 Qf5 44. Qe3+ Kg6 45.
Qxa7 Kg5 46. Qe3+ Kg4 47. Kg2 Qd5+ 48. f3+ Kf5 49. Qf4+ Ke6 50. Qe4+ Qxe4 51.
fxe4 Ke5 52. Kf3 Kd4 53. a4 Kc4 54. a5 Kb5 55. b4 1-0

[Event "Quebec-ch Rapid Online"]
[Site "Chess.com"]
[Date "2021.03.14"]
[Round "7"]
[White "Batorshyn, Ilia"]
[Black "Hemphrey, David"]
[Result "1-0"]
[WhiteElo "1343"]
[BlackElo "1478"]
[PlyCount "69"]
[EventDate "2021.03.13"]
[EventType "swiss (rapid)"]
[EventRounds "10"]
[EventCountry "CAN"]

1. b3 Nf6 2. Bb2 e6 3. e3 b6 4. Nf3 Be7 5. Be2 Bb7 6. O-O c5 7. d3 O-O 8. Nbd2
Nc6 9. c4 Qc7 10. d4 Rfd8 11. dxc5 bxc5 12. Rc1 a5 13. Qc2 a4 14. a3 axb3 15.
Nxb3 h6 16. e4 Nd4 17. Nfxd4 Bxe4 18. Nb5 Qb7 19. Qc3 Bxg2 20. Rfd1 Bc6 21. Qg3
Bxb5 22. cxb5 c4 23. Bxc4 d5 24. Be2 Bd6 25. Qg2 Be7 26. Nd4 Bxa3 27. Nf5 Ng4
28. Nxh6+ Kh7 29. Bd3+ f5 30. Nxf5 exf5 31. Bxf5+ Kh8 32. Bxa3 Nxf2 33. Qxf2
Rxa3 34. Qh4+ Kg8 35. Qxd8+ 1-0

[Event "Quebec-ch Rapid Online"]
[Site "Chess.com"]
[Date "2021.03.14"]
[Round "7"]
[White "Chelkowski, Jan"]
[Black "Duval, Mathieu"]
[Result "0-1"]
[WhiteElo "1149"]
[BlackElo "1612"]
[PlyCount "88"]
[EventDate "2021.03.13"]
[EventType "swiss (rapid)"]
[EventRounds "10"]
[EventCountry "CAN"]

1. e4 c5 2. Bc4 Nc6 3. Nf3 g6 4. Ng5 e6 5. Nf3 Bg7 6. O-O Nge7 7. Nc3 O-O 8. b3
a6 9. Bb2 b5 10. Bd3 d5 11. Rb1 d4 12. Ne2 Na5 13. Ng3 c4 14. Be2 d3 15. cxd3
cxd3 16. Ne5 dxe2 17. Qxe2 Qd6 18. Ng4 Bxb2 19. Rxb2 f5 20. exf5 exf5 21. Ne5
Nec6 22. Nf3 Nd4 23. Nxd4 Qxd4 24. Rc2 Bd7 25. Rc7 Rae8 26. Qf3 Qxd2 27. Rd1
Re1+ 28. Rxe1 Qxe1+ 29. Nf1 Qe6 30. Qd3 Rd8 31. h3 Nc6 32. Ne3 Ne5 33. Qe2 Qd6
34. Rc3 b4 35. Rc2 Bb5 36. Qe1 Qd3 37. Rc1 Qd2 38. Qxd2 Rxd2 39. Rc8+ Kg7 40.
Rc7+ Kh6 41. h4 f4 42. Nc4 Bxc4 43. bxc4 Ng4 44. Rf7 Rd1# 0-1

[Event "Quebec-ch Rapid Online"]
[Site "Chess.com"]
[Date "2021.03.14"]
[Round "7"]
[White "Fang, Zhou"]
[Black "Hughes-Dupuy, Henry"]
[Result "1-0"]
[WhiteElo "1652"]
[BlackElo "1669"]
[PlyCount "129"]
[EventDate "2021.03.13"]
[EventType "swiss (rapid)"]
[EventRounds "10"]
[EventCountry "CAN"]

1. e4 c5 2. a3 e6 3. b4 cxb4 4. axb4 Bxb4 5. Bb2 Nf6 6. e5 Nd5 7. c4 Ne7 8. Nc3
Bxc3 9. Bxc3 Nbc6 10. Nf3 Ng6 11. h4 b6 12. d4 d6 13. h5 Nge7 14. exd6 Qxd6 15.
Bd3 Bb7 16. h6 Nb4 17. Qa4+ Nec6 18. Be4 O-O-O 19. hxg7 Rhg8 20. Rxh7 f5 21.
Bxb4 Qxb4+ 22. Qxb4 Nxb4 23. Bxb7+ Kxb7 24. Kd2 Rd7 25. Kc3 Nc6 26. g3 Rgxg7
27. Rh6 Rge7 28. Re1 Rc7 29. Rhxe6 Rxe6 30. Rxe6 Na5 31. Ne5 Rh7 32. Rf6 Rh5
33. Rf7+ Kc8 34. Rxa7 Rh2 35. f3 Rg2 36. Rg7 Rg1 37. Nd3 Rf1 38. f4 Rf3 39. Rg5
Nb7 40. Kd2 Rf1 41. Rxf5 Nd6 42. Rf8+ Kc7 43. Ne5 Ne4+ 44. Kd3 Nxg3 45. Rf7+
Kc8 46. Nc6 Rf3+ 47. Kc2 Rf2+ 48. Kb3 Rf3+ 49. Kb4 Ne2 50. f5 Nc1 51. d5 Nd3+
52. Kb5 Nc5 53. Kxb6 Rb3+ 54. Kxc5 Rb5+ 55. Kd4 Rxd5+ 56. Ke4 Rd1 57. Nd4 Re1+
58. Kd5 Re8 59. Ne6 Rh8 60. Kc6 Kb8 61. Rd7 Rc8+ 62. Kb6 Rxc4 63. Rd8+ Rc8 64.
Rxc8+ Kxc8 65. Kc6 1-0

[Event "Quebec-ch Rapid Online"]
[Site "Chess.com"]
[Date "2021.03.14"]
[Round "7"]
[White "Tsanaclis, Albert"]
[Black "Ouazri, Ghassane Said"]
[Result "0-1"]
[WhiteElo "1771"]
[BlackElo "1720"]
[PlyCount "142"]
[EventDate "2021.03.13"]
[EventType "swiss (rapid)"]
[EventRounds "10"]
[EventCountry "CAN"]

1. e4 c5 2. Nf3 d6 3. d4 cxd4 4. Nxd4 Nf6 5. Nc3 a6 6. Be3 e5 7. Nf3 Be7 8. h3
Be6 9. Qd2 Qc7 10. b3 Nbd7 11. Ng5 Rc8 12. Nxe6 fxe6 13. Na4 Qxc2 14. Bd3 Qxd2+
15. Bxd2 b5 16. Nb2 Nc5 17. f3 Nxd3+ 18. Nxd3 Kf7 19. Ke2 Rc2 20. Rhc1 Rhc8 21.
Rxc2 Rxc2 22. Nb4 Rb2 23. Nd3 Rc2 24. Nb4 Rc8 25. Nxa6 d5 26. exd5 exd5 27. Rc1
Rxc1 28. Bxc1 Bd6 29. Bd2 d4 30. Bb4 Bxb4 31. Nxb4 Ke6 32. Kd3 Nh5 33. Ke2 Nf4+
34. Kf2 Nd5 35. Nd3 b4 36. g3 g5 37. Ke1 h5 38. Kd2 Kf5 39. g4+ hxg4 40. hxg4+
Ke6 41. Nc5+ Kd6 42. Ne4+ Kc6 43. Nxg5 Nc3 44. Kd3 Kd5 45. Ne4 Nxa2 46. g5 Nc3
47. Nd2 Ke6 48. Kc4 Kf5 49. Kxb4 Kxg5 50. Kc4 Kf4 51. Kd3 Na2 52. Nc4 Nb4+ 53.
Kd2 Nc6 54. Kd3 Kf5 55. Nd6+ Ke6 56. Ne4 Kd5 57. Nf6+ Ke6 58. Ne4 Ne7 59. Kc4
Kf5 60. b4 Kf4 61. b5 Kxf3 62. Kc5 Kxe4 63. b6 d3 64. b7 d2 65. b8=Q d1=Q 66.
Qb7+ Qd5+ 67. Qxd5+ Nxd5 68. Kc4 Nf4 69. Kc3 Kf3 70. Kd2 Kf2 71. Kd1 e4 0-1

[Event "Quebec-ch Rapid Online"]
[Site "Chess.com"]
[Date "2021.03.14"]
[Round "7"]
[White "Turcotte, Jonathan"]
[Black "Tanaka, Tyler"]
[Result "0-1"]
[WhiteElo "1974"]
[BlackElo "2098"]
[PlyCount "58"]
[EventDate "2021.03.13"]
[EventType "swiss (rapid)"]
[EventRounds "10"]
[EventCountry "CAN"]

1. d4 g6 2. c4 Bg7 3. e4 d6 4. Be2 Nc6 5. Nf3 Bg4 6. d5 Bxf3 7. Bxf3 Nd4 8. O-O
c5 9. Nc3 Nf6 10. g3 O-O 11. Bg2 Rb8 12. a4 Qa5 13. Ra3 Nd7 14. f4 Qb4 15. Qd3
Nb6 16. a5 Nxc4 17. Na2 Qb5 18. Nc3 Qa6 19. Ra2 Nb3 20. Re1 Nxc1 21. Rxc1 Nxb2
22. Qb1 Nd3 23. Bf1 c4 24. Rcc2 Rfc8 25. Ra4 Bxc3 26. Rxc3 b5 27. Ra2 b4 28.
Rxd3 cxd3 29. Bxd3 Qb7 0-1